01010nam a2200253 a 450000100100000000500170001000800410002704000250006808200150009310000360010824501590014426000310030330000280033465000300036265000340039265000320042665000330045865000280049170000330051970000380055270000300059095201190062099900170073900002025920200929170333.0100802s1946 sp 000 0 spa d aDO-SdBNPbspacBNPHU a878.9bA681 aApuleyo, Luciod125-180.94287610aAmor y psique /cSegun la versión hecha en el siglo XV por Diego López de Cortegana ; Apuleyo ; Prólogo Carlos Soldevila; ilustrasión Pedro Bruna. aBarcelona :aArgos,c1946. a133 p. :bil. ;c32 cm. 4aMitología griega925559 4aPsique (deidad griega)942877 4aEros (deidad griega)942878 4aAmor en la literatura922842 4aLiteratura latina9314712aCortegana, López de94287912aSoldevila, Carlosepról.94288012aBruna, Pedroeils.942881 001052708MOaGRbGRcCTd2017-04-24iLF1l0o878.9 A68p20259-10r2020-06-25w2020-06-25y2ZPréstamo interno c19763d19763